书目信息 |
| 题名: |
非一致性水文概率分布估计理论和方法
|
|
| 作者: | 熊立华 , 郭生练 , 江聪 著 | |
| 分册: | ||
| 出版信息: | 北京 科学出版社 2018 |
|
| 页数: | 199页 | |
| 开本: | 27cm | |
| 丛书名: | ||
| 单 册: | ||
| 中图分类: | P333 | |
| 科图分类: | ||
| 主题词: | 水文分析--Shui Wen Fen Xi--概率分布--估计理论 | |
| 电子资源: | ||
| ISBN: | 978-7-03-058344-4 | |
| 000 | 01276nam0 2200277 450 | |
| 001 | 012001002942 | |
| 005 | 20140126094959.0 | |
| 010 | @a978-7-03-058344-4@dCNY148.00 | |
| 099 | @aCAL 012018127929 | |
| 100 | @a20181015d2018 ekmy0chiy50 ea | |
| 101 | 0 | @achi |
| 102 | @aCN@b110000 | |
| 105 | @aak a 000yy | |
| 106 | @ar | |
| 200 | 1 | @a非一致性水文概率分布估计理论和方法@AFei Yi Zhi Xing Shui Wen Gai Lv Fen Bu Gu Ji Li Lun He Fang Fa@f熊立华, 郭生练, 江聪著 |
| 210 | @a北京@c科学出版社@d2018 | |
| 215 | @a199页@c图@d27cm | |
| 320 | @a有书目 | |
| 330 | @a由于气候变化和人类活动的影响,许多流域的水文时间序列不再满足一致性的要求,导致基于独立同分布假定的传统水文频率计算方法不再有效。本书针对洪水、枯水以及年径流序列,深入研究非一致性水文序列统计分布规律及其内在水文驱动机制。主要研究内容包括:将水文序列非一致性诊断由单变量扩展至多变量;根据洪水、枯水以及年径流的形成机制,分别提出基于时变统计模型与理论推导的水文概率(频率)分析方法;探讨非一致性条件下水文事件重现期与水文设计值的计算问题。 | |
| 606 | 0 | @a水文分析@AShui Wen Fen Xi@x概率分布@x估计理论 |
| 690 | @aP333@v5 | |
| 701 | 0 | @a熊立华@AXiong Li Hua@4著 |
| 701 | 0 | @a郭生练@AGuo Sheng Lian@4著 |
| 701 | 0 | @a江聪@AJiang Cong@4著 |
| 801 | 0 | @aCN@b北京卓展@c20191020 |
| 905 | @b1204833-6@dP333@e165@f4 | |
| 非一致性水文概率分布估计理论和方法/熊立华, 郭生练, 江聪著.-北京:科学出版社,2018 |
| 199页:图;27cm |
| ISBN 978-7-03-058344-4:CNY148.00 |
| 由于气候变化和人类活动的影响,许多流域的水文时间序列不再满足一致性的要求,导致基于独立同分布假定的传统水文频率计算方法不再有效。本书针对洪水、枯水以及年径流序列,深入研究非一致性水文序列统计分布规律及其内在水文驱动机制。主要研究内容包括:将水文序列非一致性诊断由单变量扩展至多变量;根据洪水、枯水以及年径流的形成机制,分别提出基于时变统计模型与理论推导的水文概率(频率)分析方法;探讨非一致性条件下水文事件重现期与水文设计值的计算问题。 |
| ● |
| 相关链接 |
|
|
|
|
正题名:非一致性水文概率分布估计理论和方法
索取号:P333/165
 
预约/预借
| 序号 | 登录号 | 条形码 | 馆藏地/架位号 | 状态 | 备注 |
| 1 | 1204833 | 212048336 | 第二样本阅览室/ [索取号:P333/165] | 在馆 | |
| 2 | 1204834 | 212048345 | 第三借阅区/ [索取号:P333/165] | 在馆 | |
| 3 | 1204835 | 212048354 | 第三借阅区/ [索取号:P333/165] | 在馆 | |
| 4 | 1204836 | 212048363 | 第三借阅区/ [索取号:P333/165] | 在馆 |